00345nam a2200133Ia 4500008004100000041000800041082001700049100002100066245003500087250001400122260003200136300003000168365001300198240624s9999 xx 000 0 und d aeng a658.4012 BLA aBLACKWELL EDWARD aHOW TO PREPARE A BUSINESS PLAN a(5th ed.) c2011aNew DelhibKogan Page avi, : 192 : p. : cm. ; 22 cRSb33.5